00968nam a2200241 a 450000100100000000500170001000800410002702000150006804000250008308200170010824500610012526000840018630000170027049000520028750000730033950400300041265000240044270000320046683000590049891000370055795201150059499900170070900004199520201002035856.0090820s1995 sp 001 0 spa d a8481640557 aDO-SdBNPbspacBNPHU a149.7bR121e00aRelacionalidad epistémica /cedición León Olivé. aMadrid :bTrotta :bConsejo Superior de Investigaciones Científicas :,c1995. av. ;c24 cm.1 aEnciclopedia Iberoaméricana de Filosofíav9 aIncluye referencias bibliográficas y notas al pie de las páginas aBibliografía : p. 57-58 4aRacionalismo93411212aOlivé, Leóneed.968936 0aEnciclopedia Iberoaméricana de Filosofíav9915735 aValidado. Control de calidad MFF 001050718MOaGRbGRcHDd2013-10-29iLF1l0o149.7 R121ep41995-10r2020-06-25w2020-06-25y1ZNo se presta c41484d41484